Pierre Niney - Mort subite - Statistiques

Statistiques générales
  • Ce quiz a été pris 387 fois
  • Le résultat moyen est 6 sur 10
Answers on the Grid
Answers color-coded by a green-red scale on the quiz's grid according to % correct below.
Yves Saint-Laurent
Mon inconnue
Deux moi
Sauver ou périr
Ce qui nous lie
Boîte noire
Mascarade
Chien de la casse
Le grand bain
Five
Rien à perdre
Le livre des solutions
Vingt ans d'écart
Nouveaux riches
Astérix et Obélix: l'Empire du Milieu
Amants
Budapest
Coexister
Goliath
Sous le même toit
 
Statistiques - réponses
Réponse % Correct
Yves Saint-Laurent
94%
Boîte noire
77%
Vingt ans d'écart
73%
Five
71%
Sauver ou périr
66%
Goliath
47%
Mascarade
47%
Le livre des solutions
39%
Amants
24%
Deux moi
20%
Aucun quiz correspondant
Distribution des résultats
% des personnes avec chaque résultat
Percentile par nombre de réponses
Votre historique - résultats
Vous n’avez pas pris ce quiz